9th conference on urban and regional research : sustainable and livable cities 9 - 19 June 2002 Leeds, United Kingdom: conference proceedings (Record no. 102564)
[ view plain ]
| 000 -LEADER | |
|---|---|
| fixed length control field | 04822cam a2200973 4500 |
| 008 - FIXED-LENGTH DATA ELEMENTS--GENERAL INFORMATION | |
| fixed length control field | 021216n2002 000 0 eng u |
| 020 ## - INTERNATIONAL STANDARD BOOK NUMBER | |
| International Standard Book Number | 1842191187 |
| 035 ## - SYSTEM CONTROL NUMBER | |
| System control number | (Sirsi) u120773 |
| 050 ## - LIBRARY OF CONGRESS CALL NUMBER | |
| Classification number | 711.58 |
| -- | 18 |
| 110 ## - MAIN ENTRY--CORPORATE NAME | |
| Corporate name or jurisdiction name as entry element | United Nations Economic Commission for Europe |
| 9 (RLIN) | 3440 |
| 245 ## - TITLE STATEMENT | |
| Title | 9th conference on urban and regional research : sustainable and livable cities 9 - 19 June 2002 Leeds, United Kingdom: conference proceedings |
| 260 ## - PUBLICATION, DISTRIBUTION, ETC. | |
| Place of publication, distribution, etc. | London |
| Name of publisher, distributor, etc. | RICS Foundation |
| Date of publication, distribution, etc. | 2002 |
| 300 ## - PHYSICAL DESCRIPTION | |
| Extent | 246p. |
| Dimensions | 30cm. |
| 505 ## - FORMATTED CONTENTS NOTE | |
| Formatted contents note | Urban sociecty and economy : towards social equity through effective planning policies and tools : a behavioural perspective |
| 505 ## - FORMATTED CONTENTS NOTE | |
| Formatted contents note | Improving urban performance : urban structure and ecosystems |
| 505 ## - FORMATTED CONTENTS NOTE | |
| Formatted contents note | Governance and urban organisation : integrated decision-making |
| 505 ## - FORMATTED CONTENTS NOTE | |
| Formatted contents note | Urban society, economics and equity : understanding of a sustainable society |
| 505 ## - FORMATTED CONTENTS NOTE | |
| Formatted contents note | Urban society and economy : achiving social equity through effective planning policies and tools |
| 505 ## - FORMATTED CONTENTS NOTE | |
| Formatted contents note | Gyumri city redevelopment |
| 505 ## - FORMATTED CONTENTS NOTE | |
| Formatted contents note | The method for the sustainable development of the cities in complicated natural and climatic conditions : the information aspect |
| 505 ## - FORMATTED CONTENTS NOTE | |
| Formatted contents note | Enhancing decision-making for sprawl monitoring and control using transportation master planning |
| 505 ## - FORMATTED CONTENTS NOTE | |
| Formatted contents note | United Kingdom response paper |
| 505 ## - FORMATTED CONTENTS NOTE | |
| Formatted contents note | Improving urban performance : urban structure and ecosystems |
| 505 ## - FORMATTED CONTENTS NOTE | |
| Formatted contents note | Improving urban performance : urban structure and ecosystems |
| 505 ## - FORMATTED CONTENTS NOTE | |
| Formatted contents note | The role of revitalisation in meeting housing needs of a society |
| 505 ## - FORMATTED CONTENTS NOTE | |
| Formatted contents note | Issues of land use and development in the metropolitan region of Budapest |
| 505 ## - FORMATTED CONTENTS NOTE | |
| Formatted contents note | Achievement of sustainable city development in the Russian Federation based on application of new transportation technologies |
| 505 ## - FORMATTED CONTENTS NOTE | |
| Formatted contents note | Improving urban performance : urban structure and ecosystems |
| 505 ## - FORMATTED CONTENTS NOTE | |
| Formatted contents note | Governance and urban organisation : integrated decision making : restructuring and policy for the cities |
| 505 ## - FORMATTED CONTENTS NOTE | |
| Formatted contents note | New Moscow city master plan as an instruments of long-term planning |
| 505 ## - FORMATTED CONTENTS NOTE | |
| Formatted contents note | Policy for provision of sustainable and liveable settlements in the Republic of Macedonia |
| 505 ## - FORMATTED CONTENTS NOTE | |
| Formatted contents note | Land use planning in Cyrpus and sustainable development : problems, challenges and opportunities |
| 505 ## - FORMATTED CONTENTS NOTE | |
| Formatted contents note | Institutional solutions and transitional processes : regions-spatial organisation missing models |
| 505 ## - FORMATTED CONTENTS NOTE | |
| Formatted contents note | Urban society and economy : achieving social equity through effective planning policies and tools |
| 505 ## - FORMATTED CONTENTS NOTE | |
| Formatted contents note | Improving quality of housing and urban environment in Greece |
| 505 ## - FORMATTED CONTENTS NOTE | |
| Formatted contents note | Governance and urban organisation : networking and integrated area-based approaches in Danish urban policy |
| 505 ## - FORMATTED CONTENTS NOTE | |
| Formatted contents note | Governanance of urban organisation : integrated decision making |
| 505 ## - FORMATTED CONTENTS NOTE | |
| Formatted contents note | Improving urban performance : urban structure and ecosystems |
| 505 ## - FORMATTED CONTENTS NOTE | |
| Formatted contents note | Planning policies to reduce the need to travel : opportunities and barriers |
| 505 ## - FORMATTED CONTENTS NOTE | |
| Formatted contents note | An assessment of integration between transport and land use decision making in England |
| 520 ## - SUMMARY, ETC. | |
| Summary, etc. | View a report on the conference, photographs, summary paper and three discussion papers at www.unece.org. |
| 650 ## - SUBJECT ADDED ENTRY--TOPICAL TERM | |
| Topical term or geographic name entry element | CITIES |
| 650 ## - SUBJECT ADDED ENTRY--TOPICAL TERM | |
| Topical term or geographic name entry element | SUSTAINABLE DEVELOPMENT |
| 650 ## - SUBJECT ADDED ENTRY--TOPICAL TERM | |
| Topical term or geographic name entry element | URBAN DEVELOPMENT |
| 650 ## - SUBJECT ADDED ENTRY--TOPICAL TERM | |
| Topical term or geographic name entry element | URBAN REGENERATION |
| 690 ## - LOCAL SUBJECT ADDED ENTRY--TOPICAL TERM (OCLC, RLIN) | |
| Topical term or geographic name as entry element | DEVELOPMENT-SUSTAINABLE |
| 700 ## - ADDED ENTRY--PERSONAL NAME | |
| Personal name | Fell, David |
| 700 ## - ADDED ENTRY--PERSONAL NAME | |
| Personal name | Storchevus, Vladimir |
| 700 ## - ADDED ENTRY--PERSONAL NAME | |
| Personal name | Budisteanu, Ileana |
| 700 ## - ADDED ENTRY--PERSONAL NAME | |
| Personal name | Skovbro, Anne |
| 700 ## - ADDED ENTRY--PERSONAL NAME | |
| Personal name | Querrien, Anne |
| 700 ## - ADDED ENTRY--PERSONAL NAME | |
| Personal name | Elander, Ingemar |
| 700 ## - ADDED ENTRY--PERSONAL NAME | |
| Personal name | Roskoshnaya, Tatiana |
| 700 ## - ADDED ENTRY--PERSONAL NAME | |
| Personal name | Finka, Maros |
| 700 ## - ADDED ENTRY--PERSONAL NAME | |
| Personal name | Khachatryan, Kamo |
| 700 ## - ADDED ENTRY--PERSONAL NAME | |
| Personal name | Koff, K. L. |
| 700 ## - ADDED ENTRY--PERSONAL NAME | |
| Personal name | Krivov, A. S. |
| 700 ## - ADDED ENTRY--PERSONAL NAME | |
| Personal name | Kolegov, S. A. |
| 700 ## - ADDED ENTRY--PERSONAL NAME | |
| Personal name | Oreviceanu, Monica |
| 700 ## - ADDED ENTRY--PERSONAL NAME | |
| Personal name | Garcia Art, Marta |
| 700 ## - ADDED ENTRY--PERSONAL NAME | |
| Personal name | Rodriguez Augustin, Carmen |
| 700 ## - ADDED ENTRY--PERSONAL NAME | |
| Personal name | Ristic, Svetlana |
| 700 ## - ADDED ENTRY--PERSONAL NAME | |
| Personal name | Matkowski, Rysard |
| 700 ## - ADDED ENTRY--PERSONAL NAME | |
| Personal name | Tompai, Geza |
| 700 ## - ADDED ENTRY--PERSONAL NAME | |
| Personal name | Storchevus, Vladimir |
| 700 ## - ADDED ENTRY--PERSONAL NAME | |
| Personal name | Derevenec, Peter |
| 700 ## - ADDED ENTRY--PERSONAL NAME | |
| Personal name | Oostrom, Matthe van |
| 700 ## - ADDED ENTRY--PERSONAL NAME | |
| Personal name | Korotaev, Vladimir |
| 700 ## - ADDED ENTRY--PERSONAL NAME | |
| Personal name | Pashkov, Dmitry |
| 700 ## - ADDED ENTRY--PERSONAL NAME | |
| Personal name | Tkachenki, Lyudmila |
| 700 ## - ADDED ENTRY--PERSONAL NAME | |
| Personal name | Cavdarova, Valentina |
| 700 ## - ADDED ENTRY--PERSONAL NAME | |
| Personal name | Kyriakides, Michael |
| 700 ## - ADDED ENTRY--PERSONAL NAME | |
| Personal name | Milovanovic, Dobrica |
| 700 ## - ADDED ENTRY--PERSONAL NAME | |
| Personal name | Trifunovic, Veroljub |
| 700 ## - ADDED ENTRY--PERSONAL NAME | |
| Personal name | Bamford, Stephanie J. |
| 700 ## - ADDED ENTRY--PERSONAL NAME | |
| Personal name | Garrard, Angela |
| 700 ## - ADDED ENTRY--PERSONAL NAME | |
| Personal name | Kaperoni-Blesiov, Panagiota |
| 700 ## - ADDED ENTRY--PERSONAL NAME | |
| Personal name | Larsen, Jacob Novig |
| 700 ## - ADDED ENTRY--PERSONAL NAME | |
| Personal name | Niznansky, Viktor |
| 700 ## - ADDED ENTRY--PERSONAL NAME | |
| Personal name | Skovbro, Anne |
| 700 ## - ADDED ENTRY--PERSONAL NAME | |
| Personal name | Stead, Dominic |
| 856 ## - ELECTRONIC LOCATION AND ACCESS | |
| Uniform Resource Identifier | <a href="https://www.unece.org/env/hs/conference/welcome.htm">https://www.unece.org/env/hs/conference/welcome.htm</a> |
| Public note | View the conference report, photographs, summary paper and three of the discussion papers on the United National Economic Commission for Europe website... |
| 942 ## - ADDED ENTRY ELEMENTS (KOHA) | |
| Suppress in OPAC | 0 |
| Withdrawn status | Lost status | Source of classification or shelving scheme | Damaged status | Not for loan | Home library | Current library | Shelving location | Date acquired | Total Checkouts | Full call number | Barcode | Date last seen | Copy number | Price effective from | Koha item type |
|---|---|---|---|---|---|---|---|---|---|---|---|---|---|---|---|
| Dewey Decimal Classification | London | London | RICS Boxes | 21/01/2003 | RICS 2003/2 | 30068135 | 06/08/2019 | 1 | 06/08/2019 | Archive | |||||
| Dewey Decimal Classification | London | London | Folio | 12/09/2008 | F711.58 UNI | 30068136 | 06/08/2019 | 1 | 06/08/2019 | Book |